Council Tax Reform campaign (Record no. 68055)

MARC details
000 -LEADER
fixed length control field 00804cam a2200205 4500
001 - CONTROL NUMBER
control field WB3732-49
008 - FIXED-LENGTH DATA ELEMENTS--GENERAL INFORMATION
fixed length control field 010822n2001 000 0 eng u
035 ## - SYSTEM CONTROL NUMBER
System control number (Sirsi) u114252
245 ## - TITLE STATEMENT
Title Council Tax Reform campaign
260 ## - PUBLICATION, DISTRIBUTION, ETC.
Date of publication, distribution, etc. 2001
490 ## - SERIES STATEMENT
Series statement Estates Gazette
Volume/sequential designation (0133) 18 August 2001, 13(1)
520 ## - SUMMARY, ETC.
Summary, etc. The left wing of the Labour party is planning to start a campaign in autumn 2001 to lobby for an increase in council tax on high-cost homes. This would lead to a considerable increase in valuation work for the property industry. The Council Tax Reform campaign will be led by the left-wing New Policy Institute think-tank.
590 ## - LOCAL NOTE (RLIN)
Local note WB
650 ## - SUBJECT ADDED ENTRY--TOPICAL TERM
Topical term or geographic name entry element COUNCIL TAX
650 ## - SUBJECT ADDED ENTRY--TOPICAL TERM
Topical term or geographic name entry element REFORM
650 ## - SUBJECT ADDED ENTRY--TOPICAL TERM
Topical term or geographic name entry element LABOUR PARTY
650 ## - SUBJECT ADDED ENTRY--TOPICAL TERM
Topical term or geographic name entry element Valuation
9 (RLIN) 6273
690 ## - LOCAL SUBJECT ADDED ENTRY--TOPICAL TERM (OCLC, RLIN)
Topical term or geographic name as entry element TAXATION
942 ## - ADDED ENTRY ELEMENTS (KOHA)
Suppress in OPAC 0
Holdings
Withdrawn status Lost status Source of classification or shelving scheme Damaged status Not for loan Home library Current library Shelving location Date acquired Total Checkouts Full call number Barcode Date last seen Copy number Price effective from Koha item type
    Dewey Decimal Classification     London London News article 22/08/2001   WB3732-49 114252-1001 06/08/2019 1 06/08/2019 News article